Basic electronics (Record no. 1211969)

MARC details
000 -LEADER
fixed length control field 01062nam a2200301Ia 4500
003 - CONTROL NUMBER IDENTIFIER
control field OSt
005 - DATE AND TIME OF LATEST TRANSACTION
control field 20221007123502.0
008 - FIXED-LENGTH DATA ELEMENTS--GENERAL INFORMATION
fixed length control field 221006b |||||||| |||| 00| 0 eng d
020 ## - INTERNATIONAL STANDARD BOOK NUMBER
International Standard Book Number 0070540861 (pbk)
037 ## - SOURCE OF ACQUISITION
Terms of availability Textual
040 ## - CATALOGING SOURCE
Original cataloging agency PAPL
Transcribing agency PAPL
Language of cataloging eng
041 ## - LANGUAGE CODE
Source of code eng
Language code of text/sound track or separate title eng
100 ## - MAIN ENTRY--PERSONAL NAME
Personal name Grob Bernard
9 (RLIN) 498959
245 #0 - TITLE STATEMENT
Title Basic electronics
Remainder of title Schultz Mitchel E
250 ## - EDITION STATEMENT
Edition statement 9
260 ## - PUBLICATION, DISTRIBUTION, ETC.
Place of publication, distribution, etc. New
Name of publisher, distributor, etc. Delhi Tata McGraw-Hill Publishing Company Limited
Date of publication, distribution, etc. 2003
300 ## - PHYSICAL DESCRIPTION
Extent xi,1060p.
Dimensions cm.
500 ## - GENERAL NOTE
General note Includes bibliographical references.; Appendix A-D, 1003-1028p.; Glossary 1029-1035p.; Index 1051-1060p.
650 ## - SUBJECT ADDED ENTRY--TOPICAL TERM
Topical term or geographic name entry element Circuits
9 (RLIN) 473600
650 ## - SUBJECT ADDED ENTRY--TOPICAL TERM
Topical term or geographic name entry element Electronic Circuit
9 (RLIN) 717289
700 ## - ADDED ENTRY--PERSONAL NAME
Personal name Schultz Mitchel E
9 (RLIN) 481013
942 ## - ADDED ENTRY ELEMENTS (KOHA)
Classification part D65, P3 Carpa
Koha item type Textual
Source of classification or shelving scheme Colon Classification (CC)
Holdings
Withdrawn status Lost status Source of classification or shelving scheme Damaged status Not for loan Home library Current library Date acquired Source of acquisition Cost, normal purchase price Total Checkouts Full call number Barcode Date last seen Cost, replacement price Price effective from Koha item type
    Colon Classification (CC)     Department of Physics and Astrophysics Library Department of Physics and Astrophysics Library 2022-10-07 IN-00056, 01/09/2004, N R Book Distributors 395.00   D65 P3 Carpa PA0005572 2022-10-07 395.00 2022-10-07 Textual
Copyright @ Delhi University Library System